Responses for Show #6502 - Tuesday, December 18, 2012

Contestants

[<< previous game]

Joe Emison, a chief technology officer from Asheville, North Carolina

Kevin Moser, an attorney from Fort Wright, Kentucky

Susan Jann, an operations coordinator from Bristol, Pennsylvania (whose 1-day cash winnings total $22,800)

[next game >>]

Jeopardy! Round responses

SOCK IT TO ME
SPORTS TERMS
TENNESSEE'S WILLIAMS
"BLOCK" PARTY
EAT PREY
LOVE
    $200 15
bobby socks

Kevin
    $200 7
an assist

Joe
    $200 26
(Joe: What is Congress?)
(Alex: Be more specific.)
(Joe: Tennessee state Congress?)
(Kevin: What is the House of Representatives?)
(Susan: What is Tennessee Senate?)

the U.S. Senate

SusanKevinJoe
Triple Stumper
    $200 2
H&R Block

Joe
    $200 21
a bedbug

Susan
    $200 1
Juliet

Joe
    $400 14
the heel

Susan
    $400 8
the Australian crawl

Triple Stumper
    $400 27
Woodrow Wilson

Susan
    $400 3
Blockhead

Kevin
    $400 22
Tyrannosaurus rex

Susan
    $400 17
Alfred Lord Tennyson

Triple Stumper
    $600 11
a stocking stuffer

Joe
    $1,600 9
links

Joe
    $600 28
the Ku Klux Klan

Joe
    $600 4
Blockbuster

Susan
    $600 23
a (western) rattlesnake

Susan
    $600 18
(Joe: Who's Gershwin?)

Cole Porter

Joe
Triple Stumper
    $800 12
(Joe: What is tartan?)

argyle

SusanJoe
    $800 10
jai alai

Susan
    $800 29
the USS Nautilus

Triple Stumper
    $800 5
butcher's block

Susan
    $800 24
a seal

Susan
    $800 19
Kahlil Gibran

Triple Stumper
    $1000 13
tennis

Susan
    $1000 16
(Kevin: What is slalom?)
(Joe: What is nordic?)

schuss

KevinJoe
Triple Stumper
    $1000 30
Knoxville

Joe
    $1000 6
a beta blocker

Joe
    $1000 25
a barracuda

Kevin
    $1000 20
St. Augustine

Triple Stumper

Scores at the first commercial break (after clue 15):

Susan Kevin Joe
$4,400 $600 $3,000

Scores at the end of the Jeopardy! Round:

Susan Kevin Joe
$6,600 $400 $2,800

Double Jeopardy! Round responses

THE 12th CENTURY
GRAMMAR
THE P-51 MUSTANG
ARCHITECTURE
(Alex: In honor of his centennial year...)
WOODY GUTHRIE
THIS ISLAND IS YOUR ISLAND
(Alex: We'll give you the island; you tell us the country it belongs to.)
    $400 26
Notre Dame

Joe
    $400 25
a double negative

Susan
    $400 1
Ford

Susan
    $400 14
a dome

Susan
    $400 7
a guitar

Kevin
    $400 2
Spain

Susan
    $800 27
a supernova

Kevin
    $2,000 24
(Susan: What is a conjunction?)
(Alex: Oh no, what are [*], "a", "an", and "the".)

the articles

Susan
    $800 8
the United Nations

Kevin
    $800 15
webbing

Joe
    $800 10
Springsteen

Joe
    $800 3
the Philippines

Susan
    $1200 30
Bern

Kevin
    $1200 23
(Kevin: What is a clause?)

an adverb

SusanKevin
    $1200 9
(Chuck) Yeager

Susan
    $1200 16
Palm Springs

Susan
    $1200 11
folk music

Kevin
    $1200 4
Haiti and the Dominican Republic

Susan
    $1600 28
surgery

Susan
    $1600 22
to be

Susan
    $1600 19
the Tuskegee Airmen

Kevin
    $1600 17
Louis Sullivan

Triple Stumper
    $1600 12
the Communist Party

Joe
    $1600 5
Russia

Susan
    $1,500 29
(Susan: Who is Catherine of Aragon?)

Eleanor of Aquitaine

Susan
    $2000 21
the possessive

Kevin
    $2000 20
a bubble

Joe
    $2000 18
Christopher Wren

Kevin
    $2000 13
(Alex: Also made into a movie, [*].)

Bound for Glory

Triple Stumper
    $2000 6
[Applause for Susan's run of the category]

Canada

Susan

Scores at the end of the Double Jeopardy! Round:

Susan Kevin Joe
$17,100 $9,200 $8,400

[wagering suggestions for these scores]

Final Jeopardy! Round responses

PEOPLE IN BRITISH HISTORY
JoeWho is Nelson?
$8,400
KevinWho was Horatio Nelson? Nelson?
$9,000
SusanWho was Nelson?
$2,500
(Horatio) Nelson

Final scores:

Susan Kevin Joe
$19,600 $18,200 $16,800
2-day champion: $42,400 2nd place: $2,000 3rd place: $1,000

Game dynamics:

Coryat scores:

Susan Kevin Joe
$20,600 $9,200 $7,400
24 R,
3 W
(including 2 DDs)
11 R,
3 W
13 R
(including 1 DD),
4 W

Combined Coryat: $37,200

[game clues] [game scores] [suggest correction]

Game tape date: 2012-09-05
The J! Archive is created by fans, for fans. Scraping, republication, monetization, and malicious use prohibited; this site may use cookies and collect identifying information. See terms. The Jeopardy! game show and all elements thereof, including but not limited to copyright and trademark thereto, are the property of Jeopardy Productions, Inc. and are protected under law. This website is not affiliated with, sponsored by, or operated by Jeopardy Productions, Inc. Join the discussion at JBoard.tv.